000 00630nam a22001817a 4500
999 _c187035
_d187035
005 20220328131553.0
010 _aENG-132142
020 _a9789382829515
_c699.00
035 _aEN-115674
037 _bDBAD/PUB
082 _a485
100 _aSudeepthi, D.
245 _aGeneral English;
_bfor Campus Recruitment/
_cD.Sudeepthi
260 _aHyderabad
_bSpectrum Publications
_c2021
270 _a#326/C, Level -4, Surneni Nilayam Near B K Guda Park, S R Nayar
_bHyderabad
_e500038
_k91-4023710657
_mstudentshelpline.in@gmail.com
_l91-4023810657
300 _axvi,v.p.
_c24cm(pbk)
942 _2ddc
_cEN
_mSUD
_h485